{"text_format":"3","workbook":"xls","n_sheets":4,"sheets":["邳州分公司","巨野分公司","连云港分公司","中大杆塔"],"read":"whole","date_system":"1900","formulas":"cached_only"}

{"sheet":"邳州分公司","index":0,"n_rows":29,"n_cols":12,"rows_kept":29,"merged":[[0,1,0,10],[1,1,1,10],[2,1,2,10],[7,0,8,0],[7,7,8,7],[7,8,8,8],[9,0,12,0],[9,7,12,7],[9,8,12,8],[13,0,14,0],[13,7,14,7],[13,8,14,8],[16,0,17,0],[16,7,17,7],[16,8,17,8],[18,0,19,0],[18,7,19,7],[18,8,19,8],[20,0,23,0],[20,7,23,7],[20,8,23,8]],"flags":["formulas_cached_only"]}
[null,"五金收料统计日报表"]
[null,"日期： 2018    年    9   月     17  日                             填表人： 梅瑞雪"]
[null,"单位：大力神管桩有限公司"]
["入库单号","品名","规格","数量","单位","单价","金额","供应商名称","联系方式","采购员","检验员","备注"]
["WIN0047683","电机","130BYG350A",1,"台",568.965517,660,"台州市路桥邦宝机电有限公司",13325763940,"周斌","李勇"]
["WIN0047691","氧气",null,9,"瓶",30,270,"邳州苏源制氧有限公司","0516-86441420","刘江山","马娇梅"]
["WIN0047692","乙炔",null,8,"瓶",56,448,"新沂市新维气体有限公司",null,"刘江山","马娇梅"]
["WIN0047697","抗磨液压油",null,3,"桶",2250,6750,"徐州金海润商贸有限公司",18762223506,"刘江山","马娇梅"]
[null,"齿轮油",null,2,"桶",2750,5500,null,null,"刘江山","马娇梅","150#"]
["WIN0047698","尼龙扎带","150",3,"袋",8,24,"现金（邳州石荣海建材五金）",null,"刘江山","梅瑞雪"]
[null,"尼龙扎带","200",3,"袋",8,24,null,null,"刘江山","梅瑞雪"]
[null,"尼龙扎带","250",3,"袋",8,24,null,null,"刘江山","梅瑞雪"]
[null,"油抽",null,2,"个",20,40,null,null,"刘江山","梅瑞雪"]
["WIN0047699","防尘罩",null,8,"个",7.5,60,"现金（邳州石荣海建材五金）",null,"刘江山","李秦"]
[null,"防尘垫",null,2,"包",8,16,null,null,"刘江山","李秦"]
["WIN0047700","轴承","SKF",2,"个",475,950,"现金供应商",null,"刘江山","庄荣光"]
["WIN0047701","割枪","30",5,"把",85,425,"现金供应商",null,"刘江山","吕臣辉"]
[null,"割嘴3型","3#",30,"个",4,120,null,null,"刘江山","吕臣辉"]
["WIN0047702","轴承","6210",10,"个",19,190,"现金（邳州滚动轴承经销部）",null,"刘江山","吕臣辉"]
[null,"轴承瓦架","p211",8,"个",28,224,null,null,"刘江山","吕臣辉"]
["WIN0047703","截止阀","32",2,"个",165,330,"现金（日丰管业）",null,"刘江山","吕臣辉"]
[null,"焊接三通",null,20,"个",6,120,null,null,"刘江山","吕臣辉"]
[null,"焊接弯头","Φ32",20,"个",3,60,null,null,"刘江山","吕臣辉"]
[null,"溢流阀",null,5,"个",22,110,null,null,"刘江山","吕臣辉","32自动排气阀"]
["WIN0047704","LED灯","JS-dnd01-200",10,"支",148,1480,"邳州市电料总汇",null,"刘江山","马娇梅"]
["WIN0047705","台虎钳",null,1,"台",1500,1500,"徐州海量物资贸易有限公司",null,"刘江山","姚锦春"]
["WIN0047706","铜导电带",null,10,"个",760,7600,"江苏维骏工业设备有限公司",null,"刘江山","马娇梅"]
["WIN0047707","锁芯",null,-30,"个",18,-540,"现金供应商",null,"刘江山","梅瑞雪","红冲单据"]
["WIN0047708","锁芯",null,30,"个",13,390,"现金供应商",null,"刘江山","王苏涛"]

{"sheet":"巨野分公司","index":1,"n_rows":6,"n_cols":12,"rows_kept":6,"merged":[[0,0,0,11],[1,0,1,11],[2,0,2,11]],"flags":["formulas_cached_only"]}
["五金收料统计日报表"]
["日期： 2018  年 09  月 17  日                             填表人： 吴艳苓"]
["单位：江苏大力神管桩有限公司巨野分公司"]
["入库单号","品名","规格","数量","单位","单价","金额","供应商名称","联系方式","采购员","检验员","备注"]
["WIN005817","铜带","650*100",2,"桶",650,1300,"马鞍山顺昌机械科技有限公司",13952271884,"王成军","甘星允"]
["WIN005818","铜焊枪",null,1,"根",1600,1600,"江苏维骏工业设备有限公司",13952271884,"王成军","甘星允"]

{"sheet":"连云港分公司","index":2,"n_rows":26,"n_cols":13,"rows_kept":26,"merged":[[0,2,0,11],[1,2,1,11],[2,2,2,11],[6,1,9,1],[6,8,9,8],[6,9,9,9],[6,10,9,10],[10,1,11,1],[13,1,21,1],[13,12,21,12],[22,8,23,8],[22,9,23,9],[22,10,23,10]],"flags":["formulas_cached_only"]}
[null,null,"五金收料统计日报表"]
[null,null,"日期：   2018  年     9  月   17    日                             填表人： 李秀娟"]
[null,null,"单位：连云港分公司五金配件库"]
[null,"入库单号","品名","规格","数量","单位","单价","金额","供应商名称","联系方式","采购员","检验员","备注"]
[null,"WIN004526","不锈钢弯头",89,20,"个",50,1000,"现金供货商",null,"王成军"]
[null,"WIN004527","吹风机",null,1,"台",60,60,"现金供货商",null,"王成军"]
[null,"WIN004528","公牛插头","扁二插",10,"个",3.4,34,"邳州玲峰电气有限公司",13375100588,"王成军"]
[null,null,"公牛插头","扁三插",10,"个",5.6,56]
[null,null,"电动机启动开关","GV2ME 16C",5,"个",146,730]
[null,null,"电动机启动开关","GV2ME 20C",5,"个",166,830]
[null,"WIN004529","链条","6“",2,"条",35,70,"现金供货商",null,"王成军"]
[null,null,"链卡",null,20,"个",1.5,30,"现金供货商",null,"王成军"]
[null,"WIN004530","泥浆泵头","15KW 4寸",1,"台",1580,1580,"徐州映光物资贸易有限公司",13225239056,"王成军"]
[null,"加工件无价格未入库","链轮","φ150",2,"个",{"$nulls":6},"大力神总厂车间代加工"]
[null,null,"链轮","φ100",2,"个"]
[null,null,"张拉机小车轮","180*85mm",4,"个"]
[null,null,"垫片","60*8mm",4,"个"]
[null,null,"离心机轴","125*4000mm",1,"条"]
[null,null,"离心机轴","125*3145mm",1,"条"]
[null,null,"张拉机主轴","60*1280mm",1,"条"]
[null,null,"张拉机副轴","60*1280mm",1,"条"]
[null,null,"离心机轮子",null,11,"个"]
[null,"WIN004531","槽钢","12# 6米","吨",0.21,4780,1003.8,"泰安市晟永鑫物资有限公司","0538-8109338","王成军"]
[null,null,"无缝管","89# 5","吨",0.662,5390,3568.18]
[null,"WIN004532","齿轮减速机","WPWDKO 80-40-1.5KW","台",2,780,1560,"现金供货商",null,"王成军"]
[null,"WIN004537","长城液压油","170KG","桶",2,2400,4800,"连云港以乐润滑油贸易有限公司",13225206195,"王成军"]

{"sheet":"中大杆塔","index":3,"n_rows":10,"n_cols":12,"rows_kept":10,"merged":[[0,1,0,10],[1,1,1,10],[2,1,2,10],[4,0,5,0],[4,9,5,9]],"flags":["formulas_cached_only"]}
[null,"五金收料统计日报表"]
[null,"日期：   18  年  9 月   17 日                                     填表人： 郑天秀"]
[null,"单位：江苏中大杆塔"]
["入库单号","品名","规格","数量","单位","单价","金额","供应商名称","联系方式","采购员","检验员","备注"]
[2134,"氧气",null,12,"瓶",30,360,"邳州苏源制氧有限公司",86441420,"刘江山"]
[null,"二氧",null,2,"瓶",39,78,"邳州苏源制氧有限公司",86441420]
[2135,"氧气",null,12,"瓶",30,360,"邳州苏源制氧有限公司",86441420,"刘江山"]
[2136,"乙炔",null,13,"瓶",56,728,"邳州苏源制氧有限公司",86441420,"刘江山"]
[2137,"乙炔",null,22,"瓶",56,1232,"邳州苏源制氧有限公司",86441420,"刘江山"]
[2138,"氧气",null,14,"瓶",30,420,"邳州苏源制氧有限公司",86441420,"刘江山"]